Movie Multiple-Choice - Statistics

General Stats
  • This quiz has been taken 18 times
  • The average score is 8 of 15
Answer Stats
Question Answer % Correct
What is the highest grossing movie of all time? Avatar
80%
Who isn't fictional? Robert the Bruce
80%
Which movie has Keanu Reeves not been in? Summer School
80%
Who hasn't won an Oscar for best actor? (as of 1/25/26) Brad Pitt
70%
Which movie was not based on a book? Sid and Nancy
70%
Which came first Summer School
60%
Which actor did not play a real president Martin Short
50%
What band was featured in Rock 'n' Roll High School Ramones
50%
Where does Freddy Krueger live Springwood, Ohio
50%
Was it over when the Germans bombed Pearl Harbor? No
40%
What is the name of the 1st Star Wars movie Star Wars
40%
Who is not a character from Tommy?
30%
Which is a real band 1910 Fruitgum Company
30%
Who got a movie first Batman
30%
Which was the favorite movie of Gerald Ford Home Alone
10%
No matching quizzes found
Score Distribution
Percent of People with Each Score
Percentile by Number Answered
Your Score History
You have not taken this quiz